| 000 | 01128nam a2200265Ia 4500 | ||
|---|---|---|---|
| 003 | OSt | ||
| 005 | 20221005103604.0 | ||
| 006 | a|||||r|||| 00| 0 | ||
| 007 | ta | ||
| 008 | 221004b |||||||| |||| 00| 0 san d | ||
| 020 |
_a9789387297821 (hbk) _cINR 450.00 |
||
| 024 | _a65990 | ||
| 037 |
_b278, 13/01/2020, Eastern Book Linkers _cTextual |
||
| 040 |
_aCRL _cCRL _bsan |
||
| 041 |
_2san _asan |
||
| 082 | _aWx1,1:g, 152R0 | ||
| 100 | _aचारण, दिनेश कुमार, ले. | ||
| 245 | 0 | _aकौटिल्य के अर्थशास्त्र का राजनीतिक एवं सांस्कृतिक अध्ययन | |
| 246 | _aKauṭilya ke arthashāstra kā rājanītik evan sāanskṛutik adhyayana | ||
| 260 |
_aजोधपुर _bराजस्थानी ग्रन्थागार भारत _c2020 |
||
| 300 |
_a340पृ0 _ccm. |
||
| 650 | _aकौटिल्य | ||
| 942 |
_hWx1,1:g, 152R0 _cTEXL _2cc |
||
| 999 |
_c1010362 _d1010362 |
||